Statistiken für Deutsches Essen - Bilder

Klicken Sie hier um das Quiz zu spielen!

Allgemein

  • Dieses Quiz wurde 3.229 mal gespielt
    (3.164 seit der letzten Aktualisierung)
  • Das Durchschnittsergebnis liegt bei 16 aus 30

Antwortstatistiken

Antwort% Korrekt
Döner
98%
Weißwurst
96%
Spargel
92%
Rotkohl
91%
Brezel
84%
Currywurst
83%
Frikadelle
82%
Sauerkraut
78%
Kartoffelpuffer
71%
Maultasche
71%
Spinat mit Ei
70%
Würstchen
69%
Spätzle
67%
Kartoffelsalat
65%
Fischbrötchen
64%
Klöße
52%
Haxe
51%
Pumpernickel
50%
Grünkohl
48%
Kartoffelsuppe
37%
Königsberger Klopse
36%
Kohlroulade
33%
Sauerbraten
30%
Gans
29%
Obazda
29%
Dampfnudel
24%
Hühnerfrikassee
21%
Labskaus
12%
Rübenmus
3%
Maischolle
2%

Verteilung der Resultate

Perzentil nach korrekt beantworteten Fragen

Anzahl Personen mit jedem Resultat

Ihre Resultats-Entwicklung

Sie haben dieses Quiz seit der letzten Aktualisierung nicht gespielt